Belarus... or Ukraine? - Statistics

General Stats
  • This quiz has been taken 2,059 times
    2,043 since last reset
  • The average score is 12 of 15
Answer Stats
Question Answer % Correct
Is currently at war with Russia Ukraine
99%
Is the larger one Ukraine
97%
Is Europe's last dictatorship Belarus
95%
Is landlocked Belarus
89%
Has more percentage of Russian speakers Belarus
88%
Has more UNESCO World Heritage Sites Ukraine
88%
The Chernobyl nuclear disaster happened here near with the border with the other Ukraine
88%
Borders Poland Both
84%
40% of its landmass is covered with forest Belarus
83%
Uses Hryvnia as its official currency Ukraine
83%
Shares its borders with more countries Ukraine
80%
Has a majority Orthodox Christian population Both
76%
Almost 20% of the population live in the capital Belarus
65%
Its capital city is older than Russia's Moscow Both
28%
Its national animal is bear Ukraine
28%
No matching quizzes found
Score Distribution
Percent of People with Each Score
Percentile by Number Answered
Your Score History
You have not taken this quiz since the last reset